USA states that only borders Mexico and Gulf of Mexico - Statistics

General Stats
  • This quiz has been taken 97 times
  • The average score is 6 of 7
Answer Stats
Answer % Correct
Texas
99%
New Mexico
92%
Florida
89%
California
88%
Arizona
87%
Alabama
85%
Louisiana
85%
No matching quizzes found
Score Distribution
Percent of People with Each Score
Percentile by Number Answered
Your Score History
You have not taken this quiz